LEADER 00909nam0-2200289 --450 001 9910588292903321 005 20240304151814.0 010 $a978-88-8247-419-5 100 $a20220912d2018----kmuy0itay5050 ba 101 0 $aita$cita 102 $aIT 105 $ay 001yy 200 1 $aArmida da Tasso a Rossini$fDomenico Chiodo 210 $aManziana (Roma)$cVecchiarelli$d2018 215 $a154 p.$d21 cm. 225 1 $a<>scena e l'ombra$v13 610 0 $aTasso, Torquato <1544-1595>. Gerusalemme liberata$aPersonaggi [:] Armida$aAdattamenti [nei] Libretti [di] Opere in musica$aFortuna 676 $a851.3$v21 676 $a782$v23 700 1$aChiodo,$bDomenico$0163976 801 0$aIT$bUNINA$gREICAT$2UNIMARC 901 $aBK 912 $a9910588292903321 952 $a851.4 TASSO/S 54$b2021/026$fFLFBC 959 $aFLFBC 996 $aArmida da Tasso a Rossini$92909197 997 $aUNINA LEADER 01175nam0 22002891i 450 001 UON00474754 005 20231205105223.237 010 $a978-11-386-7800-2 100 $a20170307d2017 |0itac50 ba 101 $aeng 102 $aGB 105 $a|||| ||||| 200 1 $aTheories of consumption$fJohn Storey 210 $aLondon$aNew York$cRoutledge$d2017 215 $aXII, 144 p.$d23 cm. 606 $aConsumo$xAspetti socio-culturali$3UONC060984$2FI 620 $aUS$dNew York$3UONL000050 620 $aGB$dLondon$3UONL003044 700 1$aStorey$bJohn$3UONV234617$0374366 712 $aRoutledge$3UONV248939$4650 801 $aIT$bSOL$c20251121$gRICA 899 $aSIBA - SISTEMA BIBLIOTECARIO DI ATENEO$2UONSI 912 $aUON00474754 950 $aSIBA - SISTEMA BIBLIOTECARIO DI ATENEO$dSI VII GEO 2.0 1133 $eSI 21813 5 1133 $sBuono 951 $aSIBA - SISTEMA BIBLIOTECARIO DI ATENEO$bSI2017104 1J 20170307 996 $aTheories of consumption$91471958 997 $aUNIOR